=LDR 00000nam 2200000 4500 =001 INLIS000000000024745 =005 20130612123318 =008 ***********************************Ind** =035 ##$$0010-061300000024745 =041 ##$$a Ind =082 ##$$a 2x9.659 856 =090 ##$$a 2x9.659 856, Baz-i =100 ##$$a Ambarak A. BazHer =245 ##$$a Islam di Timor-Timur, Ambarak A.Bazher =260 ##$$a 1995 $b Jakarta =300 ##$$a 142 hlm., 21 cm =650 ##$$a Islam-Timor-Timur =850 ##$$a NBPNMAT